Ceny producentov klesli

Saved in:
Bibliographic Details
Main Author: Kmeťko, Miroslav, 1969-
Format: Book Chapter
Language:Slovak
Tags: Add Tag
No Tags, Be the first to tag this record!

MARC

LEADER 00000naa a2200000 4500
001 0198605
005 20240502073345.5
041 0 |a slo 
044 |a SK 
245 1 0 |a Ceny producentov klesli  |c Miroslav Kmeťko 
100 1 |a Kmeťko, Miroslav, 1969-